00953cam a22002292 4500001000400000003000800004005001700012008004100029035001700070040004200087041000800129082002000137100006600157245015900223250001200382260003000394300002100424504002000445650002700465650002900492856020200521740BD-RjUL20211208233226.0131123s1954 enk 001 0 eng d a(BD-RjUL)760 aDLCcOCPdOCLdUKMdEQOdBD-RjULbeng aeng a025.4bSAI 19541 aSayers, W. C. Berwickq(William Charles Berwick),d1881-1960.03aAn introduction to library classification :btheoretical, historical, and practical, with readings, exercises, and examination papers.cW C Berwick Sayers a9th ed. aLondon :bGrafton,c1954. a320 p. ;c19 cm. aIncludes index. 0aClassificationxBooks. 0aClassification, Decimal. 3WorldCatuhttp://www.worldcat.org/title/introduction-to-library-classification-theoretical-historical-and-practical-with-readings-exercises-and-examination-papers/oclc/3059435&referer=brief_results